[Event "Pan American-ch Hybrid U12 31st"]
[Site "Tornelo INT"]
[Date "2021.09.04"]
[Round "2"]
[White "Farias Jaque, Maximiliano"]
[Black "Lopez Escobar, Jose David"]
[Result "1-0"]
[WhiteElo "1395"]
[BlackElo "1119"]
[PlyCount "115"]
[EventDate "2021.09.04"]
[EventType "swiss"]
[EventRounds "9"]
[EventCountry "NET"]
[SourceTitle "EXT 2023"]
[Source "ChessBase"]
[SourceDate "2022.10.05"]
[SourceVersion "1"]
[SourceVersionDate "2022.10.05"]
[SourceQuality "1"]

1. e4 d6 2. d4 Nf6 3. Nc3 g6 4. f4 Bg7 5. Nf3 0-0 6. e5 dxe5 7. fxe5 Nd5 8. Bc4 Be6 9. Qe2 c6 10. 0-0 b5 11. Bxd5 Bxd5 12. Nxd5 Qxd5 13. Be3 Nd7 14. c3 f6 15. exf6 exf6 16. Qc2 Rfe8 17. Bf2 f5 18. Qb3 Qxb3 19. axb3 a5 20. Rfe1 Rxe1+ 21. Nxe1 a4 22. Nd3 Kf7 23. Nb4 a3 24. bxa3 c5 25. Nd5 cxd4 26. Bxd4 Bxd4+ 27. cxd4 Ra7 28. Nc3 b4 29. Nb5 Ra6 30. a4 Nb6 31. Rd1 Nd5 32. Re1 Re6 33. Rxe6 Kxe6 34. Kf2 Nf4 35. Nc7+ Kd7 36. Na6 Nd3+ 37. Ke3 Nc1 38. Nc5+ Kd6 39. a5 Na2 40. a6 Nc3 41. a7 Nd5+ 42. Kd3 Nc7 43. Na6 Na8 44. Nxb4 Nb6 45. h4 h5 46. g3 Ke6 47. Ke3 Na8 48. Kf4 Kf6 49. Na6 Kf7 50. Kg5 Kg7 51. d5 Kf7 52. d6 Ke6 53. Nc7+ Nxc7 54. dxc7 f4 55. c8Q+ Ke5 56. a8Q fxg3 57. Qc5+ Ke6 58. Qad5# 1-0

[Event "Wch FIDE Online U10 America qual"]
[Site "Tornelo INT"]
[Date "2020.12.02"]
[Round "2"]
[White "Farias Jaque, Maximiliano"]
[Black "Chen, Ryo"]
[Result "0-1"]
[WhiteElo "1366"]
[BlackElo "2085"]
[PlyCount "52"]
[EventDate "2020.12.01"]
[EventType "swiss (rapid)"]
[EventRounds "7"]
[EventCountry "ISS"]
[SourceTitle "EXT 2022"]
[Source "ChessBase"]
[SourceDate "2021.10.06"]
[SourceVersion "1"]
[SourceVersionDate "2021.10.06"]
[SourceQuality "1"]

1. e4 c5 2. c3 Nf6 3. e5 Nd5 4. d4 cxd4 5. Qxd4 e6 6. Nf3 Nc6 7. Qe4 d6 8. exd6 Bxd6 9. Bd3 f5 10. Qe2 0-0 11. 0-0 Nf4 12. Bxf4 Bxf4 13. Bc4 Qf6 14. Re1 Kh8 15. Nbd2 e5 16. Nb3 e4 17. Nfd4 Ne5 18. h3 Bd7 19. Rad1 Rac8 20. Bb5 Bxb5 21. Qxb5 Nd3 22. Re2 b6 23. Qa6 Bb8 24. Nc1 Nxc1 25. Rxc1 Qxd4 26. cxd4 Rxc1+ 0-1